000 00605nam a2200241Ia 4500
008 160803s9999 xx 000 0 und d
020 _a059021103X
100 _aMunsch, Robert
245 _aGet out of bed! /
245 _cRobert Munsch ; illustrated by Alan & Lea Daniel.
260 _aNew York :
260 _bScholastic Inc.
260 _c1998
300 _a1 volume (unpaged) :
300 _bcolor illustrations ;
300 _c21 cm
500 _a"Cartwheel books."
650 _aSchools --
650 _aSleep --
650 _xFiction.
650 _xFiction.
700 _a470
999 _c299338
_d299338